000 00804nam a2200253Ia 4500
003 OSt
005 20220923215551.0
006 a|||||r|||| 00| 0
007 ta
008 220922b |||||||| |||| 00| 0 hin d
024 _a179,866
037 _cTextual
040 _aARTS
_cARTS
_bhin
041 _2hin
_ahin
082 _aO152,1J32,11:g, K6
100 _aशर्मा, स्वामीनाथ
245 0 _aमानस मंथन
246 _aMānas hinthana
260 _aवाराणसी
_b आशुतोष प्रकाशन
_c1966
300 _a394 पृ.
_ccm.
650 _aहिन्दी साहित्य
_9156264
942 _hO152,1J32,11:g, K6
_cTEXL
_2CC
999 _c333247
_d333247